Beatrix Potter Book: Any Word A-Z Quiz Stats

 Plays Quiz not verified by Sporcle

Challenge
Share
Tweet
Embed
Score 0/18 Timer 04:00
0 Plays Today
Letter Answer % Correct
TThe ...
96.7%
PPeter ...
93.8%
RRabbit ...
92.3%
AAnd ...
91.3%
OOf ...
83.8%
MMice ...
78.1%
BBenjamin ...
76.3%
JJeremy ...
74.9%
FFisher ...
72.9%
Letter Answer % Correct
IIn
72.9%
KKitten ...
60.1%
SStory ...
57.9%
CCat ...
52.5%
DDuck ...
51.7%
LLittle
49.2%
NNutkin ...
46.1%
GGloucester ...
41.3%
WWinkle ...
37%

You're not logged in!

Compare scores with friends on all Sporcle quizzes.
OR
Log In

You Might Also Like...

Show Comments

Extras

Top Quizzes Today


Score Distribution

Your Account Isn't Verified!

In order to create a playlist on Sporcle, you need to verify the email address you used during registration. Go to your Sporcle Settings to finish the process.

Report this User

Report this user for behavior that violates our Community Guidelines.

Details: